00242nam a2200085Ia 4500008004100000082001800041100002900059245004800088300002000136230907s9999||||xx |||||||||||||| ||und|| a629.2293bBAY aBayram, İslam Şafak, 0aPlug-in electric vehicle grid integration / axv, 270 pages :